000 00284nam a22001217a 4500
008 181003b xxu||||| |||| 00| 0 eng d
041 _aeng
080 _a159.9
100 _a48
101 _aSOC
245 _aPower Pardigms And Comunity Reseasrrh
_cLiebert.R.J
942 _2udc
_cBK
999 _c48814
_d48814